世界不完美,就唱歌吧 : 朵朵快樂小語
| 資料類型: | 圖書 | 書目號: | 50960 |
Leader xxxxxxxxxx 001 __ 102452/2/01 005 __ 20170410105848.354 010 0_ |a978-957-33-3266-4|b平裝|d新臺幣280元 020 __ |atw|b105018186 042 __ |anbic 100 __ |a20170410d2016 km y0chiy50 e 101 0_ |achi 102 __ |atw 105 __ |aa z 000cy 200 1_ |a世界不完美,就唱歌吧|e朵朵快樂小語|f朵朵著 210 __ |a臺北市|c皇冠|d2016[民105] 215 0_ |a159面|c彩圖|d21公分 225 12 |a皇冠叢書|v第4581種 225 12 |aTea time|v7 517 1_ |a朵朵快樂小語|zchi 700 _0 |a朵朵|4著 681 __ |a855|b899 801 _0 |atw|bLibDipper|c20170410|gCCR |